|
|
|
|
| LEADER |
01059cam a2200289 7i4500 |
| 001 |
0000054060 |
| 005 |
20200723090000.0 |
| 020 |
|
|
|a 9783942687072 (electronic book)
|
| 090 |
0 |
0 |
|a RC86.7
|b .F59 2012
|
| 245 |
0 |
4 |
|a The flying publisher guide to critical care in neurology
|c Nabil Kitchener [and five others].
|
| 250 |
|
|
|a 2012 edition.
|
| 264 |
|
1 |
|a [Place of publication not identified]:
|b Flying Publisher & Kmaps,
|c 2012.
|
| 300 |
|
|
|a 1 online resource (118 pages):
|b text file, PDF.
|
| 336 |
|
|
|a text
|2 rdacontent
|
| 337 |
|
|
|a computer
|2 rdamedia
|
| 338 |
|
|
|a online resource
|2 rdacarrier
|
| 650 |
0 |
0 |
|a Critical care medicine
|
| 650 |
|
0 |
|a Neurology
|
| 655 |
0 |
0 |
|a Electronic books
|
| 700 |
1 |
|
|a Kitchener, Nabil
|
| 700 |
1 |
|
|a Wahba, Mervat
|a uthor
|
| 700 |
1 |
|
|a Khalaf, Magdy
|
| 700 |
1 |
|
|a Zarif, Bassem
|
| 700 |
1 |
|
|a Mansoor, Simin
|
| 700 |
1 |
|
|a Hashem, Saher
|a uthor
|
| 856 |
4 |
2 |
|u http://library.unisel.edu.my/equip-unisel/custom/ebook_catalog/CriticalCareinNeurology2012compressed.pdf
|
| 999 |
|
|
|a EBO0000444
|b EBOOK
|c EBOOK
|e Electronic resources
|